| Поле | Инд. | ПП | Название | Значение |
|---|---|---|---|---|
| Тип записи | a | |||
| Библиографический уровень | m | |||
| 001 | Контрольный номер | 3cfd565ee6584fbbbc8f78923cbe03a9 | ||
| 005 | Дата корректировки | 20230419112312.9 | ||
| 020 | a | ISBN | 978-5-00140-999-1 | |
| 040 | a | Служба первич. каталог. | НБ ТвГУ | |
| b | Код языка каталог. | rus | ||
| e | Правила каталог. | PSBO | ||
| 041 | 0_ | a | Код языка текста | rus |
| 080 | a | Индекс УДК | 341.64:343.337(430.129-21Нюрнберг) | |
| 084 | a | Индекс другой классификации/Индекс ББК | Х910.822я431 | |
| 090 | a | Полочн. индекс | Х910.82 | |
| x | Авторский знак | Н 97 | ||
| 097 | b | Оператор | Polyakova.IM | |
| 245 | 10 | a | Заглавие | Нюрнбергский процесс: история и современность |
| b | Продолж. заглавия | сборник материалов научно-практической конференции VI Международного научного форума, 24-26 ноября 2021 года, Ялта | ||
| c | Ответственность | Университет прокуратуры Российской Федерации, Государственный совет Республики Крым, Крымское региональное отделение общероссийской "Ассоциация юристов России", Черноморская ассоциация международного сотрудничества ; составители: С. В. Герасимовский, А. П. Сергеева | ||
| 260 | c | Дата издания | 2021 | |
| a | Место издания | Симферополь | ||
| a | Место издания | Саратов | ||
| b | Издательство | Амирит | ||
| 300 | a | Объем | 271 с. | |
| b | Иллюстрации/ тип воспроизводства | ил., портр. | ||
| 504 | a | Библиография | Библиогр. в конце докл. | |
| 653 | 0_ | a | Ключевые слова | Германский фашизм |
| a | Ключевые слова | История фашизма | ||
| a | Ключевые слова | Нюрнбергский процесс | ||
| a | Ключевые слова | Преступления против человечества | ||
| a | Ключевые слова | Война и международное право | ||
| a | Ключевые слова | Военные преступники | ||
| a | Ключевые слова | Судебные процессы над военными преступниками | ||
| 700 | 12 | a | Другие авторы | Герасимовский Сергей Васильевич |
| e | Роль лиц | Составитель | ||
| 700 | 12 | a | Другие авторы | Хаяли Р. И. |
| e | Роль лиц | Рецензент | ||
| 700 | 12 | a | Другие авторы | Тюнин В. А. |
| e | Роль лиц | Рецензент | ||
| 710 | 12 | a | Организация/ юрисдикция | Государственный совет Республики Крым |
| 710 | 12 | a | Организация/ юрисдикция | Крымское региональное отделение общероссийской организации "Ассоциация юристов России" |
| 711 | 12 | a | Название мероприятия | Черноморская ассоциация международного сотрудничества |
| 901 | t | Тип документа | m | |
| 920 | a | Оператор | Поля | |
| a | Оператор | Суха | ||
| a | Оператор | Стро | ||
| 930 | a | Новая/Ретро | новая | |
| 952 | c | Вид литературы | К рн | |
| 954 | b | Дата поступления в ОК | 20230412 | |
| a | Дата поступления на обработку | 20230412 | ||
| c | Дата окончания ОНО | 20230419 |